000 00558cam a22002053a 4500
001 45913
003 PGUSA
005 20140828084053.0
008 140607s2014||||xxu|||||s|||||000 | eng d
040 _aPGUSA
_beng
042 _adc
100 1 _aRuskin, John,
_d1819-1900
245 1 0 _aOf Vulgarity
_h[electronic resource] /
_cJohn Ruskin
260 _bProject Gutenberg,
_c2014
506 _aPublic domain in the USA.
516 _aElectronic text
830 0 _aProject Gutenberg
_v45913
856 4 0 _uhttp://www.gutenberg.org/ebooks/45913
942 _cEB
999 _c275163
_d275163